00649nam a2200205Ia 450000500170000000800410001702000150005804000180007304100080009108200240009910000200012324500830014325000120022626000660023830000260030465000320033065000340036265000290039670000180042520220822113105.0210716s2001 xx 000 0 und d a8173662428 cAIMIT LIBRARY aeng a574.80285 21bGIBC aGibas, Cynthia. aDeveloping bioinformatics computer skills /cBy Cynthia Gibas and Per Jambeck. a1st ed. aMumbai :bShroff publishers and distributors pvt ltd ,c2001. axv, 427p. ;c23.5 cm. aBiology in the computer age aFiles and directories in unix aWorking on a unix system aJambeck, Per.